|
|
|
|
| LEADER |
00000cam a22000004a 4500 |
| 001 |
musev2_4290 |
| 003 |
MdBmJHUP |
| 005 |
20230905040527.0 |
| 006 |
m o d |
| 007 |
cr||||||||nn|n |
| 008 |
070130s2007 mau o 00 0 eng d |
| 010 |
|
|
|z 2007004224
|
| 020 |
|
|
|a 9781613760581
|
| 020 |
|
|
|z 9781558495944
|
| 020 |
|
|
|z 1613760582
|
| 020 |
|
|
|z 1558495940
|
| 035 |
|
|
|a (OCoLC)794701554
|
| 040 |
|
|
|a MdBmJHUP
|c MdBmJHUP
|
| 043 |
|
|
|a a-kr---
|a n-us---
|a a-cc---
|
| 050 |
0 |
4 |
|a DS921
|b .A33 2007
|
| 082 |
0 |
|
|a 951.904/27
|a B
|2 22
|
| 100 |
1 |
|
|a Adams, Clarence,
|d 1929-1999.
|
| 245 |
1 |
3 |
|a An American Dream :
|b The Life of an African American Soldier and POW Who Spent Twelve Years in Communist China /
|c Clarence Adams ; edited by Della Adams & Lewis H. Carlson.
|
| 264 |
|
1 |
|a Amherst :
|b University of Massachusetts Press,
|c 2007.
|
| 264 |
|
3 |
|a Baltimore, Md. :
|b Project MUSE,
|c 2012
|
| 264 |
|
4 |
|c ©2007.
|
| 300 |
|
|
|a 1 online resource (176 pages):
|b ill., map ;
|
| 336 |
|
|
|a text
|b txt
|2 rdacontent
|
| 337 |
|
|
|a computer
|b c
|2 rdamedia
|
| 338 |
|
|
|a online resource
|b cr
|2 rdacarrier
|
| 504 |
|
|
|a Includes bibliographical references (p. [151]-155).
|
| 505 |
0 |
|
|a Skippy: the formative years -- U.S. Army combat soldier: Korea -- Captured! -- Camp 5 --Turncoat? -- University days: Beijing and Wuhan -- Marriage and family -- The foreign languages press, Africans, and the Vietnam broadcasts -- Going home! -- Recriminations -- Bootstrapping to the American dream.
|
| 588 |
|
|
|a Description based on print version record.
|
| 650 |
|
0 |
|a Prisoners of war
|z China
|v Biography.
|
| 650 |
|
0 |
|a Prisoners of war
|z Korea (North)
|v Biography.
|
| 650 |
|
0 |
|a Prisoners of war
|z United States
|v Biography.
|
| 650 |
|
0 |
|a Korean War, 1950-1953
|x Prisoners and prisons, American.
|
| 600 |
1 |
0 |
|a Adams, Clarence,
|d 1929-1999.
|
| 655 |
|
7 |
|a Electronic books.
|2 local
|
| 700 |
1 |
|
|a Carlson, Lewis H.
|
| 700 |
1 |
|
|a Adams, Della,
|d 1959-
|
| 710 |
2 |
|
|a Project Muse.
|e distributor
|
| 830 |
|
0 |
|a Book collections on Project MUSE.
|
| 856 |
4 |
0 |
|z Texto completo
|u https://projectmuse.uam.elogim.com/book/4290/
|
| 945 |
|
|
|a Project MUSE - Custom Collection
|
| 945 |
|
|
|a Project MUSE - Archive Complete Foundation
|
| 945 |
|
|
|a Project MUSE - Archive History Foundation
|
| 945 |
|
|
|a Project MUSE - Archive American Studies Foundation
|